000 00532nam a22002057a 4500
003 LK-CoMWRAF
005 20231027121103.0
008 230923b1989 |||||||| |||| 00| 0 eng d
040 _aLK-CoMWRAF
_dLK-CoMWRAF
_eLK-CoMWRAF
041 _aeng
082 _a305.4
_bBEA
100 _aBeauvoir, Simone de
242 _aDeuxième sexe
245 _aThe Second Sex
260 _aNew York:
_bVintage books,
_c1989
300 _a746 p. ; 18 cm
_bIndex included
650 _aFEMINISM
700 _aParshley, H.M.
_etrans.
942 _cBK
999 _c3634
_d3634